| 000 | 00627cam a2200241 i 4500 | ||
|---|---|---|---|
| 001 | 2761895 | ||
| 005 | 20171218083319.0 | ||
| 008 | 800213s1979 enk b 001 0 eng | ||
| 010 | _a 79323067 | ||
| 015 | _aGB*** | ||
| 020 |
_a0091369703 : _c£12.50 |
||
| 040 |
_aDLC _cDLC _dDLC |
||
| 041 | _aeng | ||
| 043 | _ae-uk--- | ||
| 080 | _a306.20941 SAU | ||
| 082 | 0 | 0 | _a306.20941 SAU |
| 100 | 1 | _a19 | |
| 101 | _aPOL | ||
| 245 | 1 | 0 |
_aUrban politics : _cPeter Saunders. |
| 504 | _aBibliography: p. [353]-371. | ||
| 906 |
_a7 _bcbc _corignew _d4 _encip _f19 _gy-gencatlg |
||
| 942 |
_2ddc _cBK |
||
| 999 |
_c39107 _d39107 |
||